<A> görög bankrendszer.
Skúsenosti z dvojúrovňového bankového systému v Grécku, kde je značný podiel štátneho kapitálu. Monetárna politika a liberalizácia bánk. Krátke dejiny gréckeho systému bankovníctva. Dnešný systém bankovníctva v Grécku. Grécka banka a jej vzťah k obchodným bankám, zahraničným bankám a špecializovaným...
Guardado en:
| Autor principal: | |
|---|---|
| Formato: | Capítulo de libro |
| Lenguaje: | húngaro |
| Materias: | |
| Etiquetas: |
Sin Etiquetas, Sea el primero en etiquetar este registro!
|
MARC
| LEADER | 00000naa a2200000 4500 | ||
|---|---|---|---|
| 001 | r005361 | ||
| 005 | 20221125114017.3 | ||
| 041 | 0 | |a hun | |
| 044 | |a HU | ||
| 245 | 1 | 0 | |a <A> görög bankrendszer. |c S. Ligeti |
| 520 | |a Skúsenosti z dvojúrovňového bankového systému v Grécku, kde je značný podiel štátneho kapitálu. Monetárna politika a liberalizácia bánk. Krátke dejiny gréckeho systému bankovníctva. Dnešný systém bankovníctva v Grécku. Grécka banka a jej vzťah k obchodným bankám, zahraničným bankám a špecializovaným peňažným ústavom. | ||
| 610 | 2 | 0 | |a sústava banková |
| 610 | 2 | 0 | |a Grécko |
| 610 | 2 | 0 | |a banky obchodné |
| 610 | 2 | 0 | |a politika peňažná |
| 610 | 2 | 0 | |a liberalizácia |
| 100 | 1 | |a Ligeti, S. | |